El sinarquismo : su ruta histórica, ideario y postulados, documentos /

Збережено в:
Бібліографічні деталі
Формат: Книга
Мова:Іспанська
Предмети:
Теги: Додати тег
Немає тегів, Будьте першим, хто поставить тег для цього запису!

MARC

LEADER 00000nam^a2200000^a^4500
001 000121104
005 20250521000000.0
009 20260310094416.442
037 |a Acervo ITESO - Biblioteca 
041 |a ESP 
082 |a 320. 9720626  |b SIN 
245 1 3 |a El sinarquismo :  |b su ruta histórica, ideario y postulados, documentos / 
264 |a México :  |b Unión Nacional Sinarquista,  |c fecha no identificada 
300 |a 164 p. 
336 |a texto  |b txt  |2 rdacontenido 
337 |a sin mediación  |b n  |2 rdamedio 
338 |a volumen  |b nc  |2 rdasoporte 
649 |a XX 
650 |a Sinarquismo -  |z México -  |x Historia 
650 |a Nacionalismo -  |z México -  |x Historia 
650 |a Movimientos Políticos -  |z México -  |x Historia 
650 |a Movimientos Sociales -  |z México -  |x Historia 
650 |a Política -  |z México -  |x Historia -  |y 1946-1952 
650 |a Política -  |z México -  |x Historia -  |y 1910-1946 
650 |a Política -  |z México -  |x Historia -  |y Siglo XX 
910 |a Fondo Salvador Reynoso Reynoso 
920 |a Impresos - Libros 
930 |a Fondos Especiales 
905 |a 112 
901 |a 0800005994  |b IT2  |c ESP  |u 20250521 
902 |a https://opac.biblio.iteso.mx/vufind/Record/000121104